| 000 | 01376nam a22002655a 4500 | ||
|---|---|---|---|
| 003 | OSt | ||
| 005 | 20170409115122.0 | ||
| 008 | 170404s2012 ua frb 000 0 ara d | ||
| 040 |
_aEG-ScBUE _bara _cEG-ScBUE |
||
| 043 |
_af-ua--- _ae-fr--- _ama----- |
||
| 082 | 0 | 4 |
_a346.086 _bف ا ي _222 |
| 100 | 1 | _aفايد، عابد فايد عبد الفتاح. | |
| 245 | 1 | 2 |
_aالتأمين المباشر في مجال البناء والتشييد : _bدراسة لنظام تأمين أضرار المبنى في القانون الفرنسي وكيفية الاستفادة منه في مصر والدول العربية / _cبقلم عابد فايد عبد الفتاح فايد. |
| 260 |
_aالقاهرة : _b[د. ن.]، _c2012. |
||
| 300 |
_a66 ص. ؛ _c24 سم. |
||
| 504 | _aيشتمل على إرجاعات ببليوجرافية. | ||
| 650 | 7 |
_aالتأمين _xقوانين وتشريعات _zمصر. _2BUEsh _941060 |
|
| 650 | 7 |
_aالتأمين _xقوانين وتشريعات _zفرنسا. _2BUEsh |
|
| 650 | 7 |
_aالتأمين _xقوانين وتشريعات _zالبلاد العربية. |
|
| 650 | 7 |
_aالمباني _xقوانين وتشريعات _zمصر. |
|
| 650 | 7 |
_aالمباني _xقوانين وتشريعات _zفرنسا. |
|
| 650 | 7 |
_aالمباني _xقوانين وتشريعات _zالبلاد العربية. |
|
| 653 |
_bLLAAWW _cApril2017 |
||
| 942 | _2ddc | ||
| 999 |
_c24624 _d24596 |
||